|
|
|
|
| LEADER |
01105cam a2200373 i 4500 |
| 001 |
000049539 |
| 003 |
9289 |
| 005 |
20030312104558.0 |
| 008 |
010316|1999 vm 000 eng |
| 020 |
|
|
|a 0415190797
|
| 040 |
|
|
|a IRC
|c IRC
|d IRC
|
| 041 |
0 |
|
|a eng
|
| 082 |
1 |
4 |
|a 332.67
|b KL-P
|
| 100 |
1 |
|
|a Klein, P. W.
|
| 245 |
0 |
0 |
|a De Trippen in de 17e eeuw :
|b een studie over het ondernemersgedrag op de Hollandse stapelmarkt /
|c P. W. Klein.
|
| 260 |
|
|
|a London ; New York :
|b Routledge/Thoemmes Press,
|c 1999.
|
| 300 |
|
|
|a 512 p. ;
|c 21.5cm.
|
| 630 |
0 |
4 |
|a Economics.
|
| 630 |
0 |
4 |
|a Merchants.
|
| 650 |
0 |
4 |
|a Tripp (family)
|
| 650 |
0 |
4 |
|a Merchants
|z Netherlands
|x Biography.
|
| 650 |
0 |
4 |
|a Weapons
|z Netherlands
|x History
|y 17th century.
|
| 650 |
0 |
4 |
|a Iron industry and trade
|z Netherlands
|x History.
|
| 650 |
0 |
4 |
|a Copper industry and trade
|z Netherlands
|x History.
|
| OWN |
|
|
|a DUT
|
| 999 |
|
|
|a From the UDN01
|
| TYP |
|
|
|a Monograph
|
| TYP |
|
|
|a Printed language
|
| 980 |
|
|
|a Mạng thư viện Đại học Đà Nẵng
|